| 000 | 00461nam a22001817a 4500 | ||
|---|---|---|---|
| 003 | OSt | ||
| 008 | 240103b |||||||| |||| 00| 0 eng d | ||
| 020 | _a9789355730572 | ||
| 082 | _a658.5 GRO | ||
| 100 | _aGRIFFIN,Ricky W | ||
| 245 | _aOrganizational Behavior Managing People and Organizations | ||
| 250 | _a13th Ed | ||
| 260 |
_aNew Delhi _b Cengage _c 2023 |
||
| 300 | _a576 | ||
| 700 | _aPHILLIPS,Jean M | ||
| 700 | _aGULLY,Stanley M | ||
| 942 |
_2ddc _cBK |
||
| 999 |
_c12157 _d12157 |
||